Normal view
MARC view
- Supervisors Lt Col. Dr. Nauman Razzaq Lec Hasan Habib
Entry Personal Name
001 - CONTROL NUMBER
- control field: 71483
003 - CONTROL NUMBER IDENTIFIER
- control field: NUST
005 - DATE AND TIME OF LATEST TRANSACTION
- control field: 20210628204636.0
008 - FIXED-LENGTH DATA ELEMENTS
- fixed length control field: 210628|| aca||aabn | a|a d
040 ## - CATALOGING SOURCE
- Original cataloging agency: NUST
- Transcribing agency: NUST
100 ## - HEADING--PERSONAL NAME
- Personal name: Supervisors Lt Col. Dr. Nauman Razzaq Lec Hasan Habib
670 ## - SOURCE DATA FOUND
- Source citation: Work cat.: (NUST): Farhan Sarwar Muhammad Jahanzaib Hassan Minhas Umair Noman Sharif 71481, PR-SOF-1785-BORDER MANAGEMENT AND INTRUSION DETECTION SYSTEM, 2019
